[Event "Asia-ch U18 Girls"]
[Site "Ulaanbaatar"]
[Date "2016.04.07"]
[Round "2"]
[White "Toshali, V."]
[Black "Sarantuya, Myagmarbat"]
[Result "0-1"]
[WhiteElo "1856"]
[BlackElo "1589"]
[PlyCount "46"]
[EventDate "2016.04.06"]
[EventType "swiss"]
[EventRounds "9"]
[EventCountry "MGL"]
[SourceTitle "EXT 2017"]
[Source "ChessBase"]
[SourceDate "2016.10.25"]
[SourceVersion "1"]
[SourceVersionDate "2016.10.25"]
[SourceQuality "1"]

1. e4 d5 2. Nc3 d4 3. Nce2 c5 4. Ng3 e5 5. Bc4 Nf6 6. Nf3 Bd6 7. d3 h6 8. 0-0 Nc6 9. a3 0-0 10. Nh4 Ne7 11. h3 Kh7 12. Qf3 Neg8 13. Nhf5 Bc7 14. Ne2 g6 15. Nfg3 Be6 16. Ba2 Bxa2 17. Rxa2 Ne8 18. Nh1 Ng7 19. g4 b5 20. Nhg3 Ne7 21. Qf6 Nc8 22. Qc6 Rb8 23. Qxc5 Ne6 0-1

[Event "World ol U16"]
[Site "Ulaanbaatar"]
[Date "2015.08.22"]
[Round "4.4"]
[White "Sarantuya, Myagmarbat"]
[Black "Zhang, Lanlin"]
[Result "0-1"]
[WhiteElo "1605"]
[BlackElo "1980"]
[PlyCount "96"]
[EventDate "2015.08.20"]
[EventType "team-swiss"]
[EventRounds "9"]
[EventCountry "MGL"]
[SourceTitle "EXT 2016"]
[Source "ChessBase"]
[SourceDate "2015.10.08"]
[SourceVersion "1"]
[SourceVersionDate "2015.10.08"]
[SourceQuality "1"]
[WhiteTeam "Zavkhan"]
[BlackTeam "China"]
[WhiteTeamCountry "MGL"]
[BlackTeamCountry "CHN"]

1. e4 c5 2. Nf3 d6 3. d4 cxd4 4. Nxd4 Nf6 5. Nc3 a6 6. g3 e5 7. Nde2 Be7 8. Bg2 Be6 9. 0-0 0-0 10. a4 Nc6 11. h3 Rc8 12. Nd5 Bxd5 13. exd5 Nb8 14. Be3 Nfd7 15. a5 Qc7 16. c3 Bd8 17. f4 b5 18. axb6 Qb7 19. Kh2 Bxb6 20. Bxb6 Qxb6 21. b4 exf4 22. Rxf4 Ne5 23. Qd4 Qb5 24. Bf1 Rfe8 25. Nc1 Qb7 26. Nb3 Ng6 27. Rf2 Re5 28. Rd2 Ne7 29. Bc4 Nf5 30. Qf4 Ne3 31. Na5 Qe7 32. Rd4 Nc2 33. Rad1 Nxd4 34. Qxd4 Re4 35. Qd3 Re3 36. Qd4 Qg5 37. Rg1 Rce8 38. Nc6 Nd7 39. Bxa6 Nf6 40. Qf4 Qxd5 41. Nd4 Qa2+ 42. Rg2 Qxa6 43. b5 Qb7 44. Qxd6 Rxc3 45. Rb2 Qb8 46. Qxb8 Rxb8 47. b6 Nd7 48. b7 Rc7 0-1

[Event "Asia-ch U16 Girls 16th"]
[Site "Singapore"]
[Date "2015.06.12"]
[Round "6.1"]
[White "Sarantuya, Myagmarbat"]
[Black "Legowo, Parahita Millyena"]
[Result "0-1"]
[WhiteElo "1581"]
[BlackElo "2039"]
[PlyCount "128"]
[EventDate "2015.06.09"]
[EventType "swiss"]
[EventRounds "9"]
[EventCountry "SIN"]
[SourceTitle "EXT 2024"]
[Source "ChessBase"]
[SourceDate "2023.10.10"]
[SourceVersion "1"]
[SourceVersionDate "2023.10.10"]
[SourceQuality "1"]

1. e4 e6 2. d4 d5 3. exd5 exd5 4. Bd3 Bd6 5. Nf3 Nc6 6. c3 Bg4 7. 0-0 Nge7 8. Re1 Qd7 9. Nbd2 f6 10. b4 0-0 11. Qc2 Bf5 12. Nf1 Rae8 13. Ne3 Bxd3 14. Qxd3 Nd8 15. Bd2 c6 16. Nh4 f5 17. Nf1 f4 18. Nf3 Rf6 19. h4 Nf7 20. N1h2 Rg6 21. Ne5 Bxe5 22. dxe5 Qf5 23. Qxf5 Nxf5 24. h5 Rge6 25. Bxf4 Nxe5 26. Bxe5 Rxe5 27. Nf3 Re4 28. Kf1 Nd6 29. Ng5 Rxe1+ 30. Rxe1 Rxe1+ 31. Kxe1 h6 32. Ne6 Ne4 33. Nd8 Nxc3 34. a4 Nxa4 35. Nxb7 Kf8 36. Na5 c5 37. bxc5 Nxc5 38. Nc6 a6 39. f3 Kf7 40. Kd2 Ne6 41. Nb4 Nc7 42. Nc6 Kf6 43. g4 Kg5 44. Ke3 Ne6 45. Ne5 a5 46. Nd3 a4 47. Nb4 a3 48. Na2 Nc7 49. Nb4 Nb5 50. Kd3 d4 51. Kc4 Nc3 52. Kxd4 a2 53. Nc2 Nd1 54. Ke5 Ne3 55. f4+ Kh4 56. Na1 Nxg4+ 57. Kd4 Kxh5 58. Kc3 Ne3 59. Kb2 Kg4 60. Kxa2 Kxf4 61. Nb3 h5 62. Nd4 g5 63. Ne6+ Kg4 64. Kb2 h4 0-1

[Event "Asian Schools-ch U15/U17 Girls"]
[Site "Taichung"]
[Date "2014.08.24"]
[Round "2"]
[White "Sarantuya, Myagmarbat"]
[Black "Tan, Li Ting"]
[Result "0-1"]
[WhiteElo "1522"]
[BlackElo "1945"]
[PlyCount "76"]
[EventDate "2014.08.24"]
[EventType "swiss"]
[EventRounds "9"]
[EventCountry "TPE"]
[SourceTitle "EXT 2018"]
[Source "ChessBase"]
[SourceDate "2017.10.13"]
[SourceVersion "1"]
[SourceVersionDate "2017.10.13"]
[SourceQuality "1"]

1. e4 e5 2. Nf3 Nc6 3. Bb5 a6 4. Ba4 Nf6 5. 0-0 b5 6. Bb3 Be7 7. Re1 d6 8. c3 0-0 9. h3 Na5 10. Bc2 c5 11. d4 Qc7 12. Nbd2 Re8 13. Nf1 Bf8 14. Bg5 Nd7 15. Ne3 f6 16. Bh4 Nb6 17. b4 Nac4 18. bxc5 dxc5 19. Nxc4 Nxc4 20. Bb3 cxd4 21. cxd4 exd4 22. Qxd4 Be6 23. Bg3 Qa5 24. e5 Bb4 25. Rec1 Rad8 26. Qh4 Bc3 27. Rab1 Bxe5 28. Bxc4 Bxc4 29. Bxe5 fxe5 30. Ng5 h6 31. Rxc4 bxc4 32. Qxc4+ Qd5 33. Qxd5+ Rxd5 34. Nf3 e4 35. Nh2 Rd2 36. a3 Ra2 37. Re1 Rxa3 38. f3 e3 0-1